Normale Ansicht MARC-Ansicht ISBD

Protokoll Sechster Weltkongress der Kommunistischen Internationale : (Titelsatznr. 30410)

[ MARC ]
MARC-Details
000 -Satzkennung
Kontrollfeld mit fester Länge 00708nac a22002171ca4500
001 - Kontrollnummer
Kontrollfeld a987694134
008 - Feld mit fester Länge zur physischen Beschreibung - Allgemeine Angaben
Kontrollfeld mit fester Länge 200615m19281929gw |||| 000u ger d
041 ## - Sprachcode
Sprachcode des Textes/der Tonspur oder des separaten Titels ger
040 ## - Katalogisierungsquelle
Übertragungsstelle RU-10907106
003 - Kontrollnummer Identifier
Kontrollfeld RU-10907106
245 00 - Titel
Titel Protokoll Sechster Weltkongress der Kommunistischen Internationale :
Zusatz zum Titel Moskau, 17. Juli-1. September 1928
246 10 - Titelvarianten
Hauptsachtitel/Kurztitel Protokoll des 6. Weltkongresses der Kommunistischen Internationale
250 ## - Ausgabebezeichnung
Ausgabebezeichnung Reprint Feltrinelli 1967
264 ## - Produktion, Veröffentlichung, Distribution, Herstellung und Urheberrechtsvermerk
Herstellungs-, Veröffentlichungs- Vertriebs-, Erzeugungsort Hamburg :
Produzent, Herausgeber, Distributor, Hersteller Verlag Carl Hoym Nachfolger,
Datum der Herstellung, der Veröffentlichung, des Vertriebs oder des Urheberschutzvermerks 1928-1929
300 ## - Physische Beschreibung
Umfang 4 Bände
650 #0 - Nebeneintragung unter einem Schlagwort - Sachschlagwort
Sachschlagwort oder geografischer Name als Eintragungselement Kommunistische Internationale. Congress
651 #0 - Nebeneintragung unter einem Schlagwort - Geografischer Name
Geografischer Name Sowjetunion
710 2# - Nebeneintragung - Körperschaftsname
Körperschafts- oder Gebietskörperschaftsname als Eintragungselement Kommunistische Internationale
942 ## - Zusätzliche Felder (Koha)
Koha-Medientyp Monographien
Exemplare
Ausgeschieden Verloren Klassifikation oder Aufstellungssystematik Beschädigt Nicht entleihbar Heimatbibliothek Aufenthaltsbibliothek Aufstellungsort Erwerbungsdatum Inventarnummer Signatur Barcode Letzte Aktivität Preis gültig von Koha-Medientyp
    Andere/Generische Klassifikation     MWN Osteuropa MWN Osteuropa Lesesaal - 1 15/06/2020 20-01747 W 62 B ej KI 6 (Bd.) 30414 16/03/2021 22/03/2021 Monographien